Die methode einer wissenschaftlichen rückfallsstatistik als grundlage einer reform der kriminalstatistik ... (Record no. 23503)

MARC details
000 -LEADER
fixed length control field 00715cam a22002171 4500
001 - CONTROL NUMBER
control field g 01000575
003 - CONTROL NUMBER IDENTIFIER
control field DLC
005 - DATE AND TIME OF LATEST TRANSACTION
control field 20260227111252.0
008 - FIXED-LENGTH DATA ELEMENTS--GENERAL INFORMATION
fixed length control field 940207r1893uuuugw 000 0 ger
010 ## - LIBRARY OF CONGRESS CONTROL NUMBER
LC control number g 01000575
035 ## - SYSTEM CONTROL NUMBER
System control number (OCoLC)29762506
040 ## - CATALOGING SOURCE
Original cataloging agency DLC
Transcribing agency IEN
Modifying agency DLC
042 ## - AUTHENTICATION CODE
Authentication code premarc
050 00 - LIBRARY OF CONGRESS CALL NUMBER
Classification number HV6018
Item number .K7
100 1# - MAIN ENTRY--PERSONAL NAME
Personal name Köbner, Otto Max.
245 04 - TITLE STATEMENT
Title Die methode einer wissenschaftlichen rückfallsstatistik als grundlage einer reform der kriminalstatistik ...
260 ## - PUBLICATION, DISTRIBUTION, ETC.
Place of publication, distribution, etc. Berlin,
Name of publisher, distributor, etc. J. Guttentag,
Date of publication, distribution, etc. 1893.
300 ## - PHYSICAL DESCRIPTION
Extent 3 p. l., 124 p.
Dimensions 23 cm.
500 ## - GENERAL NOTE
General note Sonderabdruck aus der Zeitschrift für die gesamte strafrechtswissenschaft. bd. XIII, hft. 5.
650 #0 - SUBJECT ADDED ENTRY--TOPICAL TERM
Topical term or geographic name entry element Criminal statistics.

No items available.

Powered by Koha